00502 2200181 4500001002100000005001500021035002000036245006800056100001600124250001700140300002800157260003900185082001000224084001600234020002200250650002800272500002000300INLIS00000000000076920241025095633 a0010-10240000621 aEnsiklopedia Matematika SD :bPerkalian Bilangan /cJanu Ismadi0 aJanu Ismadi aCetakan ke-1 a29 hlm :bIlus ;c30 cm aBandung :bAzka Mulia Media,c2006 a510.3 a510.3 JAN e a978-979-1211-08-6 4aEnsiklopedia Matematika aSeri Matematika